NFL QBs on the Hot Seat in 2021 - Statistics

General Stats
  • This quiz has been taken 220 times
    205 since last reset
  • The average score is 6 of 6
Answer Stats
Team Quarterback % Correct
New York Giants Daniel Jones
99%
Atlanta Falcons Matt Ryan
98%
Pittsburgh Steelers Ben Roethlisberger
94%
San Francisco 49ers Jimmy Garoppolo
94%
Denver Broncos Drew Lock
84%
New England Patriots Cam Newton
81%
No matching quizzes found
Score Distribution
Percent of People with Each Score
Percentile by Number Answered
Your Score History
You have not taken this quiz since the last reset